000 002460000a22000970004500
100 1 _aMcClung, Floyd
245 1 0 _aApostolic passion
300 _aVol.21, núm.2 (January-February, 1999), Páginas 20-21
773 0 _tMission Frontiers
942 _cANA
999 _c60306
_d60306